000 00381nam a2200145Ia 4500
008 240624s9999 xx 000 0 und d
041 _aeng
082 _a658.162 EMO
100 _aEMOTT DAVID T
245 _aPRACTITIONER S COMPLETE GUIDE TO M AND A
250 _a11
260 _c2011
_aNew Jersey
_bJohn Wiley and Sons
300 _axiii, : 404 : p. : cm. ; 27
365 _c
_b27
999 _c17673
_d17673